Mi cuaderno de trabajo de quinto año : geografía
Gespeichert in:
| Körperschaft: | |
|---|---|
| Weitere Verfasser: | |
| Format: | Buch |
| Sprache: | Spanisch |
| Erschienen: |
México :
Secretaría de Educación Pública, Comisión Nacional de los Libros de Texto Gratuitos,
1965.
|
| Ausgabe: | 3a. ed. |
| Katalog: | MANES: Suchergebnis im Bibliothekskatalog |
| Schulbuchspezifische Eigenschaften: |
|
| Schriftenreihe: | Libro de texto gratuito
|
| Tags: |
Tag hinzufügen
Keine Tags, Fügen Sie den ersten Tag hinzu!
|
| Hinzugefügt zu: | 02.07.2008 |
| Geändert in: | 20.05.2026 |
MARC
| LEADER | 00000cam a2200000 a 4500 | ||
|---|---|---|---|
| 003 | OSt | ||
| 005 | 20260520173025.0 | ||
| 008 | 080703n1965 mx f 000 0 spa d | ||
| 040 | |a CINV |c CINV | ||
| 050 | 0 | 4 | |a LTG LB1583 |b M49c 5º 1965 |
| 051 | 0 | 4 | |a LTG LB1583-M49c 5º 1965 |
| 110 | 2 | |a México. |b Comisión Nacional de los Libros de Texto Gratuitos. | |
| 245 | 0 | 0 | |a Mi cuaderno de trabajo de quinto año : |b geografía / |c Rita López de Llergo. |
| 250 | |a 3a. ed. | ||
| 260 | |a México : |b Secretaría de Educación Pública, Comisión Nacional de los Libros de Texto Gratuitos, |c 1965. | ||
| 300 | |a 123 p. : |b il. ; |c 27 cm. | ||
| 440 | |a Libro de texto gratuito |9 21882 | ||
| 546 | |a México | ||
| 561 | |5 mx-CINVES |a México. DIE-Cinvestav (Ciudad de México) |k MANES | ||
| 691 | 0 | |a PRI | |
| 700 | 1 | |a López Llergo, Rita. | |
| 910 | |a E-35274 |b Don.- 1965. | ||
| 911 | |a E-35274 | ||
| 942 | |2 ddc |c BK | ||
| 999 | |c 54686 |d 54686 | ||
| 999 | |c manes:54686 |d 54686 | ||